000 00647nam a2200205Ii 4500
003 JO-AjNU
008 230605s9999||||xx |||||||||||||| ||und||
017 _a195
040 _aJO-AjNU
_bara
_erda
_cJO-AjNU
041 _aara
050 1 4 _aRJ61 1989
100 3 _aترجمة واعداد كبة ، عزة ،شاكر ، فاتن ,
_eauthor
_98115
245 0 0 _aموسوعة الام والطفل
264 3 1 _aبغداد :مزارة الثقافة والاعلام ،1989
300 _a138ص
336 _atext
_btxt
_2rdacontent
337 _aunmediated
_bn
_2rdamedia
338 _avolume
_bnc
_2rdacarrier
650 4 _aصحة الطفل
_98116
999 _aA623
_c4191
_d4191